[Event "FSGM August"]
[Site "Budapest HUN"]
[Date "2001.08.11"]
[Round "8"]
[White "Lukacs,P"]
[Black "Rajlich,V"]
[Result "1-0"]
[WhiteElo "2432"]
[BlackElo "2330"]

1.d4 Nf6 2.c4 g6 3.Nc3 Bg7 4.e4 d6 5.Nf3 O-O 6.Be2 e5 7.O-O Nc6 8.d5 Ne7
9.Bg5 Nh5 10.Ne1 Nf4 11.Nd3 Nxe2+ 12.Qxe2 h6 13.Bd2 f5 14.f4 exf4 15.Nxf4 g5
16.Nh5 Bd4+ 17.Kh1 f4 18.g3 fxg3 19.Rxf8+ Qxf8 20.Nb5 Qf2 21.Qxf2 Bxf2 22.Nxc7 Bh3
23.hxg3 Rc8 24.Kh2 Rxc7 25.Kxh3 Rxc4 26.Bc3 Bd4 27.Rf1 Bxc3 28.bxc3 g4+ 29.Kg2 Rxc3
30.Nf6+ Kh8 31.Nxg4 Rc2+ 32.Kh3 Kg7 33.Nf6 Rxa2 34.Ne8+ Kg6 35.Nxd6 Re2 36.Rf4 b6
37.Nf7 Kg7 38.Nd8 Nc8 39.Ne6+ Kg6 40.Rf8 Nd6 41.Nf4+ Kg7 42.Rd8 Nf7 43.Nh5+ Kh7
44.Rd7 Kg8 45.Rxa7 Ng5+ 46.Kg4 Nxe4 47.Kf3 Nc3 48.Nf6+ Kf8 49.Rc7 Re1 50.Nh7+ Kg8
51.d6 Rf1+ 52.Kg2 Rd1 53.d7 b5 54.Nf6+ Kf8 55.Rxc3 Ke7 56.Rc8 Rd2+ 57.Kh3  1-0

[Event "US Open"]
[Site "Framingham USA"]
[Date "2001.08.11"]
[Round "8"]
[White "Ritvin,S"]
[Black "Burrows,B"]
[Result "1-0"]
[WhiteElo "2256"]
[BlackElo "2096"]

1.e4 g6 2.d4 Bg7 3.c4 d6 4.Nc3 Nf6 5.Nf3 O-O 6.Be2 e5 7.O-O Nc6 8.d5 Ne7
9.Nd2 Nd7 10.b4 f5 11.f3 f4 12.c5 Nf6 13.Nc4 g5 14.Ba3 h5 15.b5 Ne8 16.b6 axb6
17.cxb6 cxb6 18.Qb3 g4 19.Rfb1 Ng6 20.Nxb6 Nh4 21.Nxa8 Qg5 22.Kh1 Nxg2 23.Rg1 Nh4
24.Nb5 g3 25.Bf1 Bg4 26.fxg4 hxg4 27.Rg2 Nxg2 28.Bxg2 gxh2 29.Nxd6 Nxd6 30.Bxd6 Rxa8
31.Qxb7 Ra4 32.Be7 Qg6 33.d6 Bf6 34.Qb3+  1-0

[Event "Open"]
[Site "Presov SVK"]
[Date "2001.08.12"]
[Round "2"]
[White "Markiewicz,Je"]
[Black "Kupreichik,V"]
[Result "0-1"]
[WhiteElo "2274"]
[BlackElo "2443"]

1.d4 Nf6 2.Nf3 g6 3.c4 Bg7 4.Nc3 O-O 5.e4 d6 6.Be2 e5 7.O-O Nc6 8.d5 Ne7
9.b4 Nh5 10.Re1 f5 11.Ng5 Nf4 12.g3 Nxe2+ 13.Qxe2 h6 14.Ne6 Bxe6 15.dxe6 fxe4
16.Qxe4 c6 17.Rd1 Rf6 18.Be3 Rxe6 19.g4 Kh7 20.b5 Rc8 21.Rab1 d5 22.cxd5 cxd5
23.Nxd5 Rd6 24.Nxe7 Rxd1+ 25.Kg2 Rxb1 26.Qxg6+ Kh8 27.Nxc8 Qd5+ 28.f3 Rb2+
29.Kg3 Qxa2 30.h3 Rh2  0-1

[Event "FSGM August"]
[Site "Budapest HUN"]
[Date "2001.08.13"]
[Round "10"]
[White "Lukacs,P"]
[Black "Dembo,Y"]
[Result "1-0"]
[WhiteElo "2432"]
[BlackElo "2391"]

1.d4 Nf6 2.c4 g6 3.Nc3 Bg7 4.e4 d6 5.Nf3 O-O 6.Be2 e5 7.O-O Nc6 8.d5 Ne7
9.Ne1 Ne8 10.Be3 f5 11.f3 f4 12.Bf2 h5 13.c5 g5 14.a4 Rf6 15.cxd6 Nxd6 16.Nb5 Nxb5
17.axb5 Rg6 18.Qb3 Kh8 19.Nd3 g4 20.Bh4 g3 21.Qb4 gxh2+ 22.Kxh2 Rd6 23.Qc5 b6
24.Qc4 Qd7 25.Rac1 Ng6 26.Be1 Qf7 27.Qxc7 Rd7 28.Qc2 h4 29.Nf2 Ne7 30.Rh1 Bb7
31.Kg1 Ng6 32.Qa4 Qf6 33.Rc6 Bxc6 34.bxc6 Rc7 35.Ba6 Bf8 36.b4 Rb8 37.Bb7 Rbxb7
38.cxb7 Rxb7 39.Ng4 Qd8 40.Qc6 Rg7 41.Nf6 Rc7 42.Qe6 Bh6 43.Ng4 Rc1 44.Qxg6 Rxe1+
45.Kf2 Rxh1 46.Nxh6  1-0

[Event "TCh-ESP Div 2"]
[Site "Vila Real ESP"]
[Date "2001.08.13"]
[Round "1"]
[White "Oms Pallise,J"]
[Black "Suarez Real,A"]
[Result "0-1"]
[WhiteElo "2424"]
[BlackElo "2174"]

1.d4 Nf6 2.c4 g6 3.Nc3 Bg7 4.e4 O-O 5.Be2 d6 6.Nf3 e5 7.O-O Nc6 8.d5 Ne7
9.Nd2 a5 10.a3 Nd7 11.Rb1 Kh8 12.b4 f5 13.Qc2 Ng8 14.f3 Ngf6 15.Bd3 f4 16.Nb5 b6
17.Be2 Rf7 18.c5 bxc5 19.Nb3 axb4 20.axb4 Bf8 21.Na5 Ne8 22.Bd2 Qf6 23.Nc6 h5
24.Ra1 Rxa1 25.Rxa1 g5 26.Nba7 Bb7 27.Na5 Ba8 28.Qd3 Qg6 29.Qa6 g4 30.Qc8 gxf3
31.Bxf3 Bxd5 32.Qxe8 Nf6 33.Qb5 Bxe4 34.Qf1 Bd3 35.Be2 Bxe2 36.Qxe2 Ne4 37.Kh1 d5
38.N7c6 Rf5 39.b5 h4 40.Nc4 h3 41.N4xe5 Qxg2+ 42.Qxg2 hxg2+ 43.Kxg2 Nxd2
44.Nf3 Ne4 45.Ra8 Kg7 46.Rd8 Bd6 47.Kh3 Rh5+ 48.Kg2 Rh8 49.Rxh8 Kxh8 50.Kh3 d4
51.Nce5 Bxe5 52.Nxe5 f3  0-1

[Event "TCh-ESP Div 2"]
[Site "Vila Real ESP"]
[Date "2001.08.14"]
[Round "2"]
[White "Riquelme Valero,M"]
[Black "Sanchez Romero,M"]
[Result "1/2-1/2"]
[WhiteElo "2172"]
[BlackElo "2206"]

1.d4 Nf6 2.Nf3 g6 3.c4 Bg7 4.Nc3 O-O 5.e4 d6 6.Be2 e5 7.O-O Nc6 8.d5 Ne7
9.b4 a5 10.bxa5 c5 11.Nd2 Rxa5 12.Nb3 Ra6 13.Be3 Ne8 14.a4 f5 15.f3 Nf6 16.a5 Kh8
17.Qd2 Neg8 18.Na4 Nh5 19.Rab1 Nf4 20.g3 Nxe2+ 21.Qxe2 fxe4 22.fxe4 Bh3 23.Rxf8 Qxf8
24.Nc3 b6 25.axb6 Rxb6 26.Nb5 Nf6 27.Nd2 Ng4 28.Nf3 Bh6 29.Bxh6 Qxh6 30.Ra1 Qe3+
31.Qxe3 Nxe3 32.Nxd6 Rxd6 33.Ng5 Rf6 34.Nxh3 Nxc4  1/2-1/2

[Event "TCh-ESP Div 2"]
[Site "Vila Real ESP"]
[Date "2001.08.14"]
[Round "2"]
[White "Camarena Gimenez,R"]
[Black "Blazquez Gomez,J"]
[Result "0-1"]
[WhiteElo "2328"]
[BlackElo "2269"]

1.d4 Nf6 2.c4 g6 3.Nc3 Bg7 4.e4 d6 5.Be2 O-O 6.Nf3 e5 7.O-O Nc6 8.d5 Ne7
9.Bd2 c5 10.dxc6 bxc6 11.Bg5 Qc7 12.c5 d5 13.exd5 Nexd5 14.Nxd5 Nxd5 15.Qa4 Rb8
16.Bd2 Rxb2 17.Ba5 Qe7 18.Rfe1 e4 19.Nd4 e3 20.f4 Nxf4 21.Bf3 Nh3+  0-1

[Event "I American Continental"]
[Site "Cali COL"]
[Date "2001.08.15"]
[Round "6"]
[White "Gamboa,N"]
[Black "Arencibia,W"]
[Result "0-1"]
[WhiteElo "2354"]
[BlackElo "2548"]

1.Nf3 Nf6 2.c4 g6 3.Nc3 Bg7 4.d4 O-O 5.e4 d6 6.Be2 e5 7.O-O Nc6 8.Be3 Ng4
9.Bg5 f6 10.Bh4 Nh6 11.dxe5 dxe5 12.Qxd8 Nxd8 13.Nd2 Ne6 14.Rfd1 c6 15.Nb3 Nf7
16.f3 Re8 17.a4 a5 18.Bf2 b6 19.Bxb6 Rb8 20.c5 Nxc5 21.Bxc5 Rxb3 22.Bc4 Rxb2
23.Ba3 Rc2 24.Rd3 Bh6 25.Rb1 Kg7 26.Rb8 Bc1 27.Bb3 Rd2 28.Rxd2 Bxd2 29.Nd1 Rd8
30.Be7 Rh8 31.Kf2 f5 32.exf5 gxf5 33.Ra8 Be6 34.Rxh8 Bxb3 35.Rc8 Bxd1 36.Bf8+ Kg6
37.Rxc6+ Kh5 38.Rf6 Bb3 39.g3 Bg5 40.Ra6 Bd8 41.h3 Bxa4 42.g4+ fxg4 43.hxg4+ Kh4
44.Ra8 Kh3 45.Bc5 Bb3 46.Rc8 a4 47.Bb4 Bb6+ 48.Ke2 Kg2 49.Ba3 Ng5 50.Rc6 Bd4
51.Bc1 Nxf3 52.Rc7 e4 53.g5 Ng1+ 54.Kd2 Be5 55.Rxh7 Bf4+  0-1

[Event "Faakersee Open"]
[Site "Latschach AUT"]
[Date "2001.08.17"]
[Round "8"]
[White "Farago,I"]
[Black "Hari,V"]
[Result "1-0"]
[WhiteElo "2504"]
[BlackElo "2070"]

1.d4 Nf6 2.c4 g6 3.Nc3 Bg7 4.e4 d6 5.Be2 O-O 6.Nf3 e5 7.O-O Nc6 8.d5 Ne7
9.b4 Nd7 10.c5 a5 11.cxd6 cxd6 12.Ba3 f5 13.bxa5 Nf6 14.Nd2 Rxa5 15.Bb4 Ra8
16.Nc4 Ne8 17.f3 g5 18.a4 Rf6 19.a5 f4 20.Nb6 Rb8 21.Nb5 h5 22.Rc1 Bd7 23.Qc2 Rg6
24.Nc7 g4 25.Nxd7 Rc8 26.Ne6 Rxc2 27.Nxd8 Rxe2 28.Rf2 gxf3 29.Rxe2 fxe2 30.Kf2 Bh6
31.Rc2 Rg7 32.Nxb7 Nxd5 33.exd5 Rxd7 34.a6 Nc7 35.a7 Na8 36.Rc8+ Kh7 37.Rxa8 Rxb7
38.Rh8+  1-0

[Event "WJun"]
[Site "Athens GRE"]
[Date "2001.08.18"]
[Round "3"]
[White "Schenk,Andreas"]
[Black "Zufic,M"]
[Result "1-0"]
[WhiteElo "2455"]
[BlackElo "2289"]

1.d4 d6 2.Nf3 g6 3.c4 Bg7 4.e4 Nf6 5.Nc3 O-O 6.Be2 e5 7.O-O Nc6 8.d5 Ne7
9.b4 a5 10.Ba3 b6 11.bxa5 Ne8 12.Nb5 Rxa5 13.Bb4 Ra8 14.a4 f5 15.Ra3 Bh6
16.Nd2 Bd7 17.Nc3 Nf6 18.a5 bxa5 19.Bxa5 fxe4 20.Ndxe4 Nxe4 21.Nxe4 Bf5 22.Nc3 Bd7
23.c5 Qb8 24.c6 Bf5 25.Nb5 Rxa5 26.Rxa5 Qb6 27.Ra4 Rf7 28.Qb3 Kg7 29.Bf3 Bg5
30.h4 Bf4 31.Rb4 Bd2 32.Nc3 Qa5 33.Rd1 Bf4 34.Qb2 h5 35.Ra1 Qc5 36.Rxf4 Bg4
37.Rxf7+ Kxf7 38.Ne4 Qc4 39.Rc1 Qd3 40.Qc3 Qb5 41.Ng5+ Kf6 42.Be4 Bf5 43.g3 Kg7
44.Qf3 Qb2 45.Rb1 Qd2 46.Rb7 Qe1+ 47.Kh2 Qa5 48.Ne6+ Kg8 49.Rxc7  1-0

[Event "Rubinstein Open"]
[Site "Polanica Zdroj POL"]
[Date "2001.08.19"]
[Round "4"]
[White "Abbasov,F"]
[Black "Kolosowski,P"]
[Result "1-0"]
[WhiteElo "2426"]
[BlackElo "2283"]

1.d4 Nf6 2.c4 g6 3.Nc3 Bg7 4.e4 d6 5.Be2 O-O 6.Nf3 e5 7.O-O Nc6 8.d5 Ne7
9.b4 a5 10.Ba3 b6 11.bxa5 Nh5 12.Re1 f5 13.Nd2 Nf6 14.Bf1 f4 15.Nb5 Rxa5
16.Bb4 Ra8 17.a4 g5 18.a5 bxa5 19.Rxa5 Ba6 20.Qa1 Bxb5 21.cxb5 Rc8 22.f3 g4
23.Qd1 h5 24.Be2 gxf3 25.gxf3 Kh8 26.Kh1 Rg8 27.Rg1 Bh6 28.Ra7 Qe8 29.Ba5 Qf7
30.Rxg8+ Rxg8 31.Rxc7 Qg6 32.Qf1 Nexd5 33.exd5 Nxd5 34.Bd3  1-0

[Event "Rubinstein Open"]
[Site "Polanica Zdroj POL"]
[Date "2001.08.19"]
[Round "4"]
[White "Schmidt,Wl"]
[Black "Skrzypnik,M"]
[Result "1-0"]
[WhiteElo "2438"]
[BlackElo "2275"]

1.Nf3 Nf6 2.c4 g6 3.Nc3 Bg7 4.e4 d6 5.d4 O-O 6.Be2 e5 7.O-O Nc6 8.d5 Ne7
9.Ne1 Ne8 10.Be3 f5 11.f3 f4 12.Bf2 g5 13.c5 Ng6 14.a4 Nf6 15.a5 h5 16.cxd6 cxd6
17.Nb5 g4 18.Bxa7 g3 19.Bb6 Qe7 20.Nc7 Nh7 21.Kh1 Rb8 22.Rc1 Qh4 23.Bg1 Rf7
24.Qb3 Qd8 25.Ne6 Bxe6 26.dxe6 Re7 27.Bb6 Qf8 28.Rd1 Ng5 29.Rxd6 Kh7 30.Nc2 Qf6
31.Bc4 Nh3 32.gxh3 Qh4 33.Rd2 Qxh3 34.Rg1 Bf6 35.Bf1 Qh4 36.Rgg2 Rg7 37.Nb4 Rbg8
38.Nd5 Qg5 39.Nxf6+ Qxf6 40.Rd7 h4 41.h3  1-0

[Event "WJun"]
[Site "Athens GRE"]
[Date "2001.08.20"]
[Round "5"]
[White "Krivousas,T"]
[Black "Djukic,Ni"]
[Result "1-0"]
[WhiteElo "2204"]
[BlackElo "2374"]

1.d4 Nf6 2.c4 g6 3.Nc3 Bg7 4.e4 d6 5.Be2 O-O 6.Nf3 e5 7.O-O Nc6 8.d5 Ne7
9.Nd2 a5 10.a3 Bd7 11.b3 c6 12.Rb1 Qb8 13.b4 axb4 14.axb4 cxd5 15.cxd5 b5
16.Nb3 Rc8 17.Qd3 Rxc3 18.Qxc3 Nxe4 19.Qd3 Nf6 20.Ra1 Ra4 21.Ba3 Nfxd5 22.Qd2 e4
23.Nd4 Be5 24.Bd1 Qb6 25.Bxa4 Bxd4 26.Bb3 e3 27.Qa2 Nc3 28.fxe3 Nxa2 29.exd4 Qxd4+
30.Kh1 Nxb4 31.Rad1 Qc3 32.Rf3 Qc5 33.Bxf7+ Kg7 34.Bb2+ Kh6 35.Bd4 Qc2 36.Bb3 Qc6
37.Be3+ Kh5 38.Rf7 Nbd5  1-0

[Event "VI Cup GM"]
[Site "Paks HUN"]
[Date "2001.08.20"]
[Round "3"]
[White "Sprenger,J"]
[Black "Rajlich,V"]
[Result "1-0"]
[WhiteElo "2433"]
[BlackElo "2330"]

1.d4 Nf6 2.c4 g6 3.Nc3 Bg7 4.e4 d6 5.Nf3 O-O 6.Be2 e5 7.O-O Nc6 8.d5 Ne7
9.b4 Nh5 10.Re1 Nf4 11.Bf1 a5 12.bxa5 Rxa5 13.Nd2 c5 14.a4 Ra6 15.Ra3 Qd7
16.Nb5 g5 17.Bb2 h5 18.Kh1 g4 19.g3 Nfg6 20.f3 Bh6 21.Be2 f5 22.exf5 Nxf5
23.fxg4 Ne3 24.Qb1 Ne7 25.Ne4 hxg4 26.Bc1 N7f5 27.Bd2 Qh7 28.Kg1 Bd7 29.Qc1 Nd4
30.Bxe3 Qxe4 31.Bxh6 Rf1+ 32.Bxf1  1-0

[Event "Open"]
[Site "Lisbon POR"]
[Date "2001.08.21"]
[Round "1"]
[White "Oliveira,M"]
[Black "Marino,O"]
[Result "0-1"]
[WhiteElo "2171"]
[BlackElo "2034"]

1.Nf3 Nf6 2.d4 g6 3.c4 Bg7 4.Nc3 O-O 5.e4 d6 6.Be2 e5 7.O-O Nc6 8.d5 Ne7
9.Ne1 Ne8 10.Be3 f5 11.f3 f4 12.Bf2 h5 13.b4 g5 14.Nd3 Ng6 15.c5 Rf7 16.a4 Bf8
17.a5 Rg7 18.b5 g4 19.fxg4 Qg5 20.g3 hxg4 21.Qd2 Rh7 22.gxf4 exf4 23.Bg3 Bg7
24.Nxf4 dxc5 25.Rad1 Bd4+ 26.Kg2 Nh4+ 27.Kh1 Nf3 28.Bxf3 gxf3 29.Rxf3 Bg4
30.Rdf1 Bxf3+ 31.Rxf3 Nf6 32.Qc2 Qg4 33.Qd3 Bxc3 34.Qxc3 Nxe4 35.Qd3 Re8
36.Ne6 c4 37.Qe3 c3 38.Kg2 Rf7 39.Rxf7 Kxf7 40.Qf4+ Qxf4 41.Bxf4 c2 42.Nxc7 Rc8
43.b6 axb6 44.axb6 Nc5 45.Nb5 Rg8+ 46.Kf3 Rg1 47.Be3 c1=Q 48.Bxc1 Rxc1 49.Ke3 Rb1
50.Nd6+ Ke7 51.Nc4 Nd7  0-1

[Event "Ron Banwell Masters"]
[Site "London ENG"]
[Date "2001.08.21"]
[Round "4"]
[White "Stirling,B"]
[Black "Dekker,A"]
[Result "0-1"]
[WhiteElo "2219"]
[BlackElo "2236"]

1.Nf3 Nf6 2.c4 g6 3.Nc3 Bg7 4.e4 d6 5.d4 O-O 6.Be2 e5 7.O-O Nc6 8.d5 Ne7
9.b4 Nh5 10.Re1 Nf4 11.Bf1 Bg4 12.h3 Bd7 13.c5 f5 14.Bxf4 fxe4 15.Bxe5 exf3
16.Bxg7 Kxg7 17.Qd4+ Kg8 18.c6 fxg2 19.Bxg2 Nf5 20.Qc4 Bc8 21.Re4 b5 22.Nxb5 Ba6
23.a4 Qf6 24.Rf1 Rae8 25.Re6 Qg5 26.Qg4 Qxg4 27.hxg4 Rxe6 28.dxe6 Bxb5 29.axb5 Nd4
30.Bd5 Re8 31.f4 Kg7 32.f5 gxf5 33.gxf5 Kf6 34.Be4 Nxb5 35.Bd3 Nd4 36.b5 Rg8+
37.Kf2 Nb3 38.Ke3 Rg3+ 39.Rf3 Rxf3+ 40.Kxf3 Nc5 41.Bc4 h6 42.Kf4 Na4 43.Kg4 Nb6
44.Bb3 Nc8 45.Bc2 Ne7 46.Kh5 Kg7 47.Be4 Nc8 48.Kg4 Kf6 49.Kf4 Ne7 50.Ke3 Ke5
51.Kd3 d5  0-1

[Event "Rubinstein Open"]
[Site "Polanica Zdroj POL"]
[Date "2001.08.21"]
[Round "6"]
[White "Gralka,J"]
[Black "Maciejewski,M"]
[Result "0-1"]
[WhiteElo "2215"]
[BlackElo "2350"]

1.d4 Nf6 2.c4 g6 3.Nc3 Bg7 4.e4 d6 5.Nf3 O-O 6.Be2 e5 7.O-O Nc6 8.d5 Ne7
9.b4 a5 10.Ba3 Nd7 11.bxa5 Rxa5 12.Bb4 Ra8 13.a4 Bh6 14.Nd2 f5 15.Nb3 Nf6
16.Bf3 g5 17.exf5 Bxf5 18.Re1 Ng6 19.g3 Qd7 20.c5 Rae8 21.Nd2 g4 22.Bg2 Bxd2
23.Qxd2 e4 24.cxd6 cxd6 25.Nb5 Re5 26.Bxd6 Rxd5 27.Qa2 Rd8 28.Rad1 Be6 29.Rxd5 Bxd5
30.Qb2 Qe6 31.Bc7 Rd7 32.Nd4 Qf7 33.Nf5 Qe6 34.Nd4 Qa6 35.Qb6 Qxb6 36.Bxb6 Ne5
37.Nf5 Nd3 38.Rb1 Kf7 39.h3 h5 40.Be3 Rc7 41.Bd4 Bc6 42.a5 Rd7 43.Bc3 Kg6
44.Nh4+ Kf7 45.Nf5 gxh3 46.Bxh3 Rd8 47.a6 e3 48.fxe3 Ne4  0-1

[Event "Open"]
[Site "Lisbon POR"]
[Date "2001.08.23"]
[Round "3"]
[White "Flament,Fra"]
[Black "Roeder,M"]
[Result "1/2-1/2"]
[WhiteElo "2089"]
[BlackElo "2466"]

1.d4 Nf6 2.c4 g6 3.Nc3 Bg7 4.e4 d6 5.Nf3 O-O 6.Be2 e5 7.O-O Nc6 8.d5 Ne7
9.b4 a5 10.Ba3 axb4 11.Bxb4 b6 12.a4 Re8 13.Re1 Bf8 14.Bf1 c5 15.dxc6 Nxc6
16.Ba3 Bg4  1/2-1/2

[Event "21st Open"]
[Site "Bratto ITA"]
[Date "2001.08.25"]
[Round "4"]
[White "Battaggia,P"]
[Black "Radice,L"]
[Result "1/2-1/2"]
[WhiteElo "2114"]
[BlackElo "2042"]

1.d4 Nf6 2.c4 g6 3.Nc3 Bg7 4.e4 d6 5.Be2 O-O 6.Nf3 e5 7.O-O Nc6 8.d5 Ne7
9.Ne1 Nd7 10.Nd3 f5 11.f3 Nf6 12.Bd2 Kh8 13.b4 f4 14.c5 h5 15.Rc1 Rf7 16.Nb5 Ne8
17.a4 a6 18.Na3 g5 19.Nc4 Nf6 20.Nf2 Bf8 21.cxd6 cxd6 22.a5 g4 23.Nb6 Rb8
24.Nxc8 Rxc8 25.fxg4 Rxc1 26.Bxc1 hxg4 27.Bxg4 Rg7 28.h3 Neg8 29.Bb2 Nh6
30.Bf3 Nh7 31.Ng4 Nxg4 32.Bxg4 Qh4 33.Qe1 Qh6 34.Qc3 Ng5 35.Qc8 Nh7 36.Rf3 Rg8
37.Be6 Rg6 38.Bf5 Rg8 39.Bxh7 Qxh7 40.Qc4 Bh6 41.Qc2 Bg5 42.Kf1 Qd7  1/2-1/2

[Event "Open"]
[Site "Lisbon POR"]
[Date "2001.08.26"]
[Round "6"]
[White "Gladyszev,O"]
[Black "Marino,O"]
[Result "1-0"]
[WhiteElo "2352"]
[BlackElo "2034"]

1.d4 Nf6 2.c4 g6 3.Nc3 Bg7 4.e4 d6 5.Be2 O-O 6.Nf3 e5 7.O-O Nc6 8.d5 Ne7
9.Ne1 Nd7 10.f3 f5 11.Be3 f4 12.Bf2 g5 13.a4 Ng6 14.a5 Nf6 15.c5 Kh8 16.cxd6 cxd6
17.Nb5 g4 18.fxg4 Nxe4 19.Bxa7 Bd7 20.Bb6 Qe7 21.Rc1 Rac8 22.Rxc8 Rxc8 23.Nf3 Nh4
24.Nxh4 Qxh4 25.Qe1 Qh6 26.Bd3 Nc5 27.Bf5 Bxf5 28.gxf5 Bf8 29.Qc3 Re8 30.Nc7 Re7
31.Ne6 Nxe6 32.fxe6 Qg6 33.Qf3 Rg7 34.Re1 Qc2 35.Bd8 Qc5+ 36.Kh1 Be7 37.Bb6 Qc2
38.Qe2 Qb3 39.Qd2 Bg5 40.Rc1 Rg8 41.Rc3 Qa2 42.Qc2 Qxd5 43.Rc7 Rg7 44.Rc8+ Rg8
45.Rxg8+ Kxg8 46.Qf5 Qd1+ 47.Bg1 Qh5 48.e7  1-0

[Event "Canadian Closed"]
[Site "Montreal CAN"]
[Date "2001.08.26"]
[Round "7"]
[White "Odachowski,A"]
[Black "Yoos,J"]
[Result "1/2-1/2"]
[WhiteElo "2197"]
[BlackElo "2360"]

1.d4 Nf6 2.c4 g6 3.Nc3 Bg7 4.e4 d6 5.Be2 O-O 6.Nf3 e5 7.O-O Nc6 8.d5 Ne7
9.Ne1 Nd7 10.Nd3 f5 11.Bd2 Nf6 12.f3 Kh8 13.a4 a5 14.g4 Nd7 15.Kg2 Ng8 16.Rh1 Bh6
17.h4 fxg4 18.fxg4 Bxd2 19.Qxd2 Ndf6 20.Nf2 Bd7 21.h5 g5 22.Ncd1 c6 23.Kg3 cxd5
24.cxd5 h6 25.Qe3 Bc8 26.Qa3 Qb6 27.Qe3 Qc7 28.Rc1 Qe7 29.Qd2 Nd7 30.Ne3 Nc5
31.Rxc5 dxc5 32.d6 Qg7 33.Bb5 Be6 34.Rd1 b6 35.d7 Rad8 36.Qd6 Qf6 37.Nf5 Bxf5
38.exf5 e4 39.Nxe4 Qxb2 40.Rd2 Qa1 41.Rd1 Qb2 42.Rd2 Qg7 43.Kf3 Nf6  1/2-1/2

[Event "Ron Banwell Masters"]
[Site "London ENG"]
[Date "2001.08.27"]
[Round "10"]
[White "Crouch,C"]
[Black "Friedland,J"]
[Result "1-0"]
[WhiteElo "2407"]
[BlackElo "2163"]

1.d4 Nf6 2.c4 g6 3.Nc3 Bg7 4.e4 d6 5.Nf3 O-O 6.Be2 e5 7.O-O Nc6 8.d5 Ne7
9.b4 Nh5 10.Re1 Nf4 11.Bf1 h6 12.a4 g5 13.a5 f5 14.a6 b6 15.Nd2 g4 16.c5 Kh8
17.cxd6 cxd6 18.Nc4 fxe4 19.Nxe4 Nexd5 20.Ncxd6 Be6 21.b5 Nf6 22.Ba3 Nxe4
23.Nxe4 Rf7 24.Qxd8+ Rxd8 25.Nd6 Rfd7 26.Nb7 Rc8 27.Bd6 Rc2 28.Rac1 Rd2 29.Bxe5 Bxe5
30.Rxe5 Rf7 31.g3 Nh3+ 32.Bxh3 gxh3 33.Rxe6 Rfxf2 34.Rxh6+ Kg7 35.Rxh3 Rfe2
36.g4 Kg6 37.Rh8 Kg7 38.Rh5 Rg2+ 39.Kh1 Rge2 40.Rg1 Kg6 41.Rh8 Kg7 42.Rh3 Kg6
43.g5 Re5 44.Nd6 Rdd5 45.Nc8 Rxb5 46.Nxa7 Rb2 47.Nc6 Re8 48.Rh6+ Kg7 49.Nd4 Ra8
50.Nf5+ Kg8 51.g6  1-0

[Event "VI Cup GM"]
[Site "Paks HUN"]
[Date "2001.08.27"]
[Round "10"]
[White "Polak,T"]
[Black "Rajlich,V"]
[Result "1-0"]
[WhiteElo "2481"]
[BlackElo "2330"]

1.d4 Nf6 2.c4 g6 3.Nc3 Bg7 4.e4 d6 5.Nf3 O-O 6.Be2 e5 7.O-O Nc6 8.d5 Ne7
9.b4 Nh5 10.Re1 f5 11.Ng5 Nf6 12.f3 c6 13.Be3 Bh6 14.h4 f4 15.Bf2 Bxg5 16.hxg5 Nh5
17.c5 cxd5 18.cxd6 Qxd6 19.Bc5 Qd8 20.Nxd5 Nc6 21.Bc4 Kg7 22.b5 Na5 23.Be7 Qd7
24.Qa4 Nxc4 25.Bxf8+ Kxf8 26.Qxc4 Ng7 27.Qc5+ Kf7 28.Nc7 Ne6 29.Nxe6 Qxe6
30.Red1 Bd7 31.Qc7 Ke8 32.Qxb7 Rc8 33.Rac1 Rxc1 34.Rxc1 Qxa2 35.Qb8+ Kf7
36.Qxe5 Qd2 37.Qd5+ Qxd5 38.exd5 Ke7 39.Rc7 Kd6 40.Rxa7 Bxb5 41.Rxh7 Kxd5
42.Rg7 Ke5 43.Rxg6 Kf5 44.Rd6  1-0

[Event "10th Open"]
[Site "Kavala GRE"]
[Date "2001.08.28"]
[Round "8"]
[White "Dimitrov,A"]
[Black "Georgiev,Kr"]
[Result "0-1"]
[WhiteElo "2303"]
[BlackElo "2487"]

1.d4 Nf6 2.c4 g6 3.Nc3 Bg7 4.e4 d6 5.Nf3 O-O 6.Be2 e5 7.O-O Nc6 8.d5 Ne7
9.b4 a5 10.Ba3 c6 11.dxc6 bxc6 12.b5 c5 13.Qc2 Bb7 14.Rad1 Qc7 15.Bb2 Nd7
16.Qd3 Nc8 17.Nd5 Qd8 18.Nd2 Re8 19.g3 Nf8 20.f4 Ne6 21.Nf3 Nd4 22.Nxd4 exd4
23.Rde1 Bxd5 24.exd5 Re3 25.Qd2 Nb6 26.Bd3 Qe7 27.Bc1 Re8 28.Rd1 Rxd3 29.Qxd3 Qe4
30.Qxe4 Rxe4 31.Rfe1 f5 32.Kf2 Nxc4 33.Kf3 Rxe1 34.Rxe1 Kf7 35.Re6 Bf8 36.Ke2 Nb6
37.Kd3 Nxd5 38.Re1 Be7 39.Bd2 Bd8 40.a4 Bb6 41.h3 Nf6 42.Rb1 d5  0-1

[Event "Open"]
[Site "Lisbon POR"]
[Date "2001.08.28"]
[Round "8"]
[White "Damaso,R"]
[Black "Safranska,A"]
[Result "0-1"]
[WhiteElo "2437"]
[BlackElo "2330"]

1.d4 Nf6 2.c4 g6 3.Nc3 Bg7 4.e4 d6 5.Nf3 O-O 6.Be2 e5 7.O-O Nc6 8.d5 Ne7
9.Nh4 Nd7 10.Be3 Kh8 11.Qc2 Ng8 12.g3 Bh6 13.Ng2 f5 14.exf5 gxf5 15.f4 c5
16.dxc6 bxc6 17.Rad1 Qe7 18.b4 Bg7 19.Bc1 Nb6 20.b5 c5 21.a4 Be6 22.Ne3 exf4
23.Rxf4 Bd4 24.Rdxd4 cxd4 25.Rxd4 f4 26.a5 fxe3 27.axb6 axb6 28.Bxe3 Bf5
29.Qd2 Ra1+ 30.Kg2 Nf6 31.Rf4 Ne4 32.Qd4+ Qe5 33.Nxe4 Ra2 34.Nc3 Rc2 35.Qxb6 Kg8
36.Qd4 Rxc3  0-1

[Event "IX Open"]
[Site "Albacete ESP"]
[Date "2001.08.31"]
[Round "2"]
[White "Delchev,A"]
[Black "Safranska,A"]
[Result "1-0"]
[WhiteElo "2629"]
[BlackElo "2330"]

1.e4 g6 2.d4 d6 3.c4 Nf6 4.Nc3 Bg7 5.Nf3 O-O 6.Be2 e5 7.O-O Nc6 8.d5 Ne7
9.b4 a5 10.Ba3 b6 11.bxa5 Rxa5 12.Bb4 Ra8 13.a4 Re8 14.Re1 Nd7 15.a5 c5 16.dxc6 Nxc6
17.Bxd6 Rxa5 18.Rxa5 Nxa5 19.Nd5 Re6 20.Bc7 Qf8 21.Ng5 Rc6 22.Bg4 h6 23.Nf3 Nxc4
24.Qa4 b5 25.Qxb5 Rc5 26.Qb3 Nf6 27.Bxc8 Nxd5 28.Ba6 Nxc7 29.Bxc4 Rc6 30.h4 Ne6
31.Bd5 Ra6 32.Rc1 Bf6 33.Qb7 Qa3 34.Qc8+ Kg7 35.Rb1 Nd8 36.h5 gxh5 37.Qf5 Qc3
38.Kh2 Qc7 39.Qxh5 Rb6 40.Qg4+ Kf8 41.Ra1 Rb2 42.Ra6 Rb6 43.Ra3 Rb8 44.Ra2 Rb6
45.Qh5 Kg7 46.Rd2 Ne6 47.Qg4+ Kh7 48.Bxe6 Rxe6 49.Ra2 Be7 50.g3 Qc5 51.Kg2 Rg6
52.Qf5 Bf6 53.Rd2 Qe7 54.Rd7  1-0

[Event "EYCC B16"]
[Site "Halkidiki GRE"]
[Date "2001.09.02"]
[Round "3"]
[White "Wegerle,J"]
[Black "Mamedov,N"]
[Result "0-1"]
[WhiteElo "2273"]
[BlackElo "2401"]

1.d4 Nf6 2.Nf3 g6 3.c4 Bg7 4.Nc3 O-O 5.e4 d6 6.Be2 e5 7.O-O Nc6 8.d5 Ne7
9.Ne1 c5 10.dxc6 bxc6 11.Bg5 Be6 12.Qa4 h6 13.Be3 Nd7 14.b3 Qb8 15.Rd1 c5
16.Nb5 Nb6 17.Qa3 Rd8 18.Qc1 a6 19.Nc3 Kh7 20.Nd5 Nc6 21.Nd3 f5 22.f3 a5
23.a3 Nd4 24.Bxd4 cxd4 25.a4 Nxd5 26.cxd5 Bd7 27.Qa3 Qb6 28.Nf2 Rab8 29.Bc4 Rdc8
30.Nd3 Rc7 31.Rc1 h5 32.Rc2 Bc8 33.Rb1 Ba6 34.Rbb2 Rbc8 35.Qa2 Bh6 36.h3 h4
37.Bxa6 Qxa6 38.Rxc7+ Rxc7 39.Rc2 Rc3 40.Rxc3 dxc3 41.Qc2 fxe4 42.fxe4 Qb6+
43.Kf1 Qd4 44.Nf2 Bd2 45.Ke2 Qe3+  0-1

[Event "EYCC B18"]
[Site "Halkidiki GRE"]
[Date "2001.09.03"]
[Round "4"]
[White "Werle,J"]
[Black "Dziuba,M"]
[Result "1-0"]
[WhiteElo "2412"]
[BlackElo "2471"]

1.Nf3 Nf6 2.c4 g6 3.Nc3 Bg7 4.e4 d6 5.d4 O-O 6.Be2 e5 7.O-O Nc6 8.d5 Ne7
9.b4 a5 10.bxa5 Rxa5 11.a4 Ra8 12.Ba3 b6 13.Nd2 Ne8 14.Nb5 f5 15.Bb4 Bh6
16.Bc3 Nf6 17.f4 Bxf4 18.Rxf4 exf4 19.e5 dxe5 20.Bxe5 Ne8 21.Qb3 Rf7 22.Nf3 h6
23.Rd1 Nd6 24.Nfd4 Rh7 25.Bf3 Ba6 26.Ne6 Qd7 27.Nexc7 Bxb5 28.Nxb5 Nec8 29.Nxd6 Nxd6
30.Qxb6 Nxc4 31.Qe6+ Kf8 32.Bxf4 Qa7+ 33.Kh1 Qf7 34.Qxf7+ Rxf7 35.Bxh6+  1-0

[Event "3rd Open"]
[Site "Glyfada GRE"]
[Date "2001.09.05"]
[Round "6"]
[White "Valden,P"]
[Black "Tsanas,A"]
[Result "0-1"]
[WhiteElo "2096"]
[BlackElo "2171"]

1.Nf3 Nf6 2.c4 g6 3.Nc3 Bg7 4.e4 d6 5.d4 O-O 6.Be2 e5 7.O-O Nc6 8.d5 Ne7
9.Ne1 Nd7 10.Nd3 f5 11.Bd2 Nf6 12.f3 f4 13.c5 g5 14.cxd6 cxd6 15.Nf2 h5 16.h3 Ng6
17.Qc2 Rf7 18.Rfc1 g4 19.hxg4 hxg4 20.fxg4 Ne8 21.a4 Bf6 22.Bf3 Bh4 23.Ncd1 Bg3
24.Nh3 Qh4 25.Ndf2 Nf6 26.Qd1 Rg7 27.Bb4 Ne8 28.Ra3 Nh8 29.Be1 Nf7 30.Kf1 Bd7
31.b4 Nf6 32.Rcc3 Rf8 33.Rc7 Bxg4 34.Nxg4 Nxg4 35.Bxg4 Rxg4 36.Qe2 Ng5 37.Nxg5 Qh1+  0-1

[Event "1st Sea Chess TCh"]
[Site "Kuala Lumpur MAI"]
[Date "2001.09.05"]
[Round "1"]
[White "Lim Chuing Hoong"]
[Black "Theerapabpaisit,W"]
[Result "1-0"]
[WhiteElo "2249"]
[BlackElo "2100"]

1.d4 Nf6 2.c4 g6 3.Nc3 Bg7 4.e4 d6 5.Nf3 O-O 6.Be2 Nc6 7.O-O e5 8.d5 Ne7
9.Ne1 Ne8 10.f3 f5 11.g4 Kh8 12.Ng2 Ng8 13.Be3 c5 14.Rb1 a5 15.a3 b6 16.b4 axb4
17.axb4 Bd7 18.Qc2 Nc7 19.b5 Ra7 20.Ra1 Qb8 21.gxf5 gxf5 22.exf5 Bxf5 23.Ne4 Ne8
24.Bd3 Bxe4 25.Bxe4 Nef6 26.Rxa7 Qxa7 27.Bf5 Ra8 28.f4 exf4 29.Bxf4 Bf8 30.Be6 Qa2
31.Qxa2 Rxa2 32.Ne3 Ne4 33.Be5+ Bg7 34.Rf8  1-0

[Event "EYCC B14"]
[Site "Halkidiki GRE"]
[Date "2001.09.06"]
[Round "6"]
[White "Vitiugov,N"]
[Black "Lo Curto,E"]
[Result "1-0"]
[WhiteElo "2350"]
[BlackElo "2091"]

1.d4 Nf6 2.c4 g6 3.Nc3 Bg7 4.e4 O-O 5.Nf3 d6 6.Be2 e5 7.O-O Nc6 8.d5 Ne7
9.Nd2 Nd7 10.b4 f5 11.c5 Nf6 12.f3 f4 13.Nc4 g5 14.a4 Ne8 15.Ba3 Ng6 16.b5 dxc5
17.Bxc5 Nd6 18.a5 Rf6 19.Qb3 Bf8 20.Bf2 Nxc4 21.Bxc4 Bd6 22.Be2 Bd7 23.Rfc1 h5
24.h3 Nh4 25.b6 cxb6 26.axb6 a6 27.Na4 Bxa4 28.Rxa4 Ng6 29.Rac4 Ne7 30.Rc7 Rb8
31.Qc3 Rf8 32.Bc5 Nc8 33.Qa3 Re8 34.Bxd6 Nxd6 35.Bd1 Rc8 36.Ba4 Re7 37.Rxc8 Nxc8
38.Rxc8 Qxc8 39.Qxe7 Qc1+ 40.Kh2  1-0